• 首页
  • 本馆介绍
  • 公告通知
  • 最新文献
  • 馆藏检索
  • 电子资源
  • 读者导购
  • 参考咨询
  • 我的图书馆
  • 登录
  • 详细信息显示
  • 放入我的书架
  • 预约/预借图书
  • 作者相关作品
  • 分类相关作品
  • 丛书相关作品
  • 出版社相关作品

书目信息

  • 表格格式
  • 工作单格式
  • 卡片格式
题名:
三百元巧买葡萄酒
    
 
作者: 齐仲蝉 著
分册:  
出版信息: 上海   文汇出版社  2011
页数: 183页
开本: 23cm
丛书名:
单 册:
中图分类: TS262.6
科图分类:
主题词: 葡萄酒--基本知识
电子资源:
ISBN: 978-7-5496-0162-2
000 00817nam0 2200229 450
001 2357992204
005 20231203160642.38
010    @a978-7-5496-0162-2@dCNY58.00
100    @a20230707d2011 em y0chiy50 ea
101 0  @achi
102    @aCN@b310000
105    @aa z 000yy
200 1  @a三百元巧买葡萄酒@Asan bai yuan qiao mai pu tao jiu@d= 300 RMB nice buy@f齐仲蝉著@zeng
210    @a上海@c文汇出版社@d2011
215    @a183页@c彩图@d23cm
330    @a本书作者为多年从事葡萄酒鉴赏和介绍的专业人士, 本书是面向大众的葡萄酒读本, 作者精选55款性价比高的家庭日常饮用型葡萄酒, 逐一介绍每种酒的产地、特色、适合的配菜等。
510 1  @a300 RMB nice buy@zeng
606 0  @a葡萄酒@x基本知识
690    @aTS262.6@v5
701  0 @a齐仲蝉@Aqi zhong chan@4著
801  0 @aCN@b湖北三新@c20230707
905    @aZUCC@dTS262.6@e5
    
    三百元巧买葡萄酒= 300 RMB nice buy/齐仲蝉著.-上海:文汇出版社,2011
    183页:彩图;23cm
    
    
    ISBN 978-7-5496-0162-2:CNY58.00
    本书作者为多年从事葡萄酒鉴赏和介绍的专业人士, 本书是面向大众的葡萄酒读本, 作者精选55款性价比高的家庭日常饮用型葡萄酒, 逐一介绍每种酒的产地、特色、适合的配菜等。
●
相关链接 在五车中查询图书 在当当中查询图书 在豆瓣中查询图书


正题名:三百元巧买葡萄酒     索取号:TS262.6/5         预约/预借

序号 登录号 条形码 馆藏地/架位号 状态 备注
1 2001310086   2001310086   三新/湖北三新(第三批)/949/ [索取号:TS262.6/5] 在馆    
2 2001310087   2001310087   三新/湖北三新(第三批)/949/ [索取号:TS262.6/5] 在馆    
3 2001310088   2001310088   三新/湖北三新(第三批)/949/ [索取号:TS262.6/5] 在馆    
4 2001310089   2001310089   三新/湖北三新(第三批)/949/ [索取号:TS262.6/5] 在馆    
5 2001310090   2001310090   三新/湖北三新(第三批)/949/ [索取号:TS262.6/5] 在馆    
6 2001310091   2001310091   三新/湖北三新(第三批)/949/ [索取号:TS262.6/5] 在馆    
7 2001310092   2001310092   三新/湖北三新(第三批)/949/ [索取号:TS262.6/5] 在馆    
8 2001310093   2001310093   三新/湖北三新(第三批)/949/ [索取号:TS262.6/5] 在馆    
9 2001310094   2001310094   三新/湖北三新(第三批)/949/ [索取号:TS262.6/5] 在馆    
10 2001310095   2001310095   三新/湖北三新(第三批)/949/ [索取号:TS262.6/5] 在馆    
11 2001310096   2001310096   三新/湖北三新(第三批)/949/ [索取号:TS262.6/5] 在馆    
12 2001310097   2001310097   三新/湖北三新(第三批)/949/ [索取号:TS262.6/5] 在馆    
13 2001310098   2001310098   三新/湖北三新(第三批)/949/ [索取号:TS262.6/5] 在馆    
14 2001310099   2001310099   三新/湖北三新(第三批)/949/ [索取号:TS262.6/5] 在馆    
15 2001310100   2001310100   三新/湖北三新(第三批)/949/ [索取号:TS262.6/5] 在馆    
16 2001310101   2001310101   三新/湖北三新(第三批)/949/ [索取号:TS262.6/5] 在馆    
17 2001310102   2001310102   三新/湖北三新(第三批)/949/ [索取号:TS262.6/5] 在馆    
18 2001310103   2001310103   三新/湖北三新(第三批)/949/ [索取号:TS262.6/5] 在馆    
19 2001310104   2001310104   三新/湖北三新(第三批)/949/ [索取号:TS262.6/5] 在馆    
山东省滨州职业学院图书馆 欢迎您!
大连网信软件有限公司© 版权所有